Recopilación de leyes y reglamentos. Con índices numérico, por Ministerios, Temático y de Notas

Zapisane w:
Opis bibliograficzny
Korporacja: Contraloría General de la República (Autor)
Format: Książka
Język:hiszpański
Wydane: Santiago Contraloría General de la República 2003
Hasła przedmiotowe:
Etykiety: Dodaj etykietę
Nie ma etykietki, Dołącz pierwszą etykiete!

MARC

LEADER 00000nam a2200000 a 4500
001 UCL5588
003 CL-VaPUC
008 040312e20030000CL |||||||||||||||||spa|d
082 0 4 |a 348.022  |b CON  |2 21 
110 2 |a Contraloría General de la República  |e author  |9 483307 
245 1 0 |a Recopilación de leyes y reglamentos. Con índices numérico, por Ministerios, Temático y de Notas 
300 |a t 
942 |c BK 
945 |d 20040312 00:00:00  |a cmena 
260 |a Santiago  |b Contraloría General de la República  |c 2003 
500 |a Comprende desde la ley 19.867, de 12 de mayo, a la ley 19.901, de 24 de septiembre de 2003, y reglamentos publicados de mayo a septiembre del mismo año 
500 |a Donación profesor Fernando Recio Olguín 
650 7 |a DECRETOS  |2 CL-VaPUC  |9 309678 
650 7 |a DECRETOS CON FUERZA DE LEY  |2 CL-VaPUC  |9 389939 
650 7 |a DECRETOS SUPREMOS  |2 CL-VaPUC  |9 396008 
650 7 |a LEY 19.867  |2 CL-VaPUC  |9 483308 
650 7 |a LEY 19.901  |2 CL-VaPUC  |9 483309 
651 7 |a CHILE  |2 CL-VaPUC  |9 483310 
583 |a last modification  |c 20040312 00:00:00  |k Rodrigo Vera 
999 |c 308097  |d 308095 
952 |0 0  |1 0  |4 0  |6 348_022000000000000_CON_2003  |7 0  |8 F  |9 374362  |a BIBDER  |b BIBDER  |d 2019-11-21  |h t.128  |i 3990478  |o 348.022 CON 2003  |p 3990478  |r 2023-01-25  |w 2019-11-21  |y BK_F  |k DER 
952 |0 0  |1 0  |4 0  |6 348_022000000000000_CON_2003  |7 0  |8 X  |9 374363  |a BIBHIS  |b BIBHIS  |d 2019-11-21  |h t.128  |i 2129310  |o 348.022 CON 2003  |p 2129310  |r 2024-01-30  |w 2019-11-21  |y BK_X  |k HIS